[Event "Titled Tuesday intern op 10th Jan Early"]
[Site "Chess.com INT"]
[Date "2023.01.10"]
[Round "4"]
[White "Sadubayev, Airat"]
[Black "Kupervaser, Erez"]
[Result "1/2-1/2"]
[WhiteElo "2308"]
[BlackElo "2293"]
[PlyCount "98"]
[EventDate "2023.01.10"]
[EventType "swiss (blitz)"]
[EventRounds "11"]
[EventCountry "USA"]
[SourceTitle "EXT 2024"]
[Source "ChessBase"]
[SourceDate "2023.10.10"]
[SourceVersion "1"]
[SourceVersionDate "2023.10.10"]
[SourceQuality "1"]

1. d4 d5 2. c4 c6 3. Nf3 Nf6 4. Nc3 e6 5. e3 Nbd7 6. Qc2 Bd6 7. b3 0-0 8. Be2 Re8 9. 0-0 Qe7 10. Bb2 e5 11. dxe5 Nxe5 12. cxd5 Nxf3+ 13. Bxf3 Bg4 14. Qe2 Bxf3 15. Qxf3 Qe5 16. g3 Nxd5 17. Rac1 Nxc3 18. Bxc3 Qe4 19. Qxe4 Rxe4 20. Rfd1 Re6 21. Rd3 Kf8 22. Rcd1 Be5 23. Bb4+ Ke8 24. Rd7 b6 25. Kg2 c5 26. Be1 Bf6 27. g4 Rd8 28. Rxd8+ Bxd8 29. Bc3 Bf6 30. Bxf6 Rxf6 31. f4 Ke7 32. Kf3 Rd6 33. Rxd6 Kxd6 34. e4 f6 35. h4 h6 36. h5 b5 37. Ke3 Ke6 38. Kd3 Kd6 39. Kc3 Kc6 40. a4 a6 41. Kd3 Kd6 42. Kc2 Ke6 43. Kc3 Kd6 44. axb5 axb5 45. b4 c4 46. Kd4 Ke6 47. Kc3 Kd6 48. Kd4 Ke6 49. Kc3 Kd6 1/2-1/2

[Event "Rilton Cup 50th"]
[Site "Stockholm"]
[Date "2023.01.03"]
[Round "7"]
[White "Rakshitta, Ravi"]
[Black "Kupervaser, Erez"]
[Result "1-0"]
[WhiteElo "2242"]
[BlackElo "2331"]
[PlyCount "57"]
[EventDate "2022.12.27"]
[EventType "swiss"]
[EventRounds "9"]
[EventCountry "SWE"]
[SourceTitle "CBM 212 Extra"]
[Source "ChessBase"]
[SourceDate "2023.03.31"]
[SourceVersion "1"]
[SourceVersionDate "2023.03.31"]
[SourceQuality "1"]

1. e4 c5 2. Nf3 g6 3. d4 cxd4 4. Nxd4 Bg7 5. c4 Nc6 6. Be3 Qb6 7. Nb3 Qd8 8. Nc3 d6 9. Be2 Bxc3+ 10. bxc3 Nf6 11. Qc2 0-0 12. 0-0 b6 13. Rad1 Nd7 14. f4 Ba6 15. Rf3 Qc8 16. Rh3 Nf6 17. Nd4 Bb7 18. Nf3 Ng4 19. Qd3 Nxe3 20. Qxe3 f6 21. f5 gxf5 22. Qh6 Rf7 23. Nh4 Ne5 24. Bh5 Rg7 25. Nxf5 Rxg2+ 26. Kf1 Qxc4+ 27. Rdd3 Bxe4 28. Qxh7+ Kf8 29. Qh6+ 1-0

[Event "Rilton Cup 50th"]
[Site "Stockholm"]
[Date "2022.12.31"]
[Round "5"]
[White "Priyanka, K."]
[Black "Kupervaser, Erez"]
[Result "1-0"]
[WhiteElo "2146"]
[BlackElo "2331"]
[PlyCount "103"]
[EventDate "2022.12.27"]
[EventType "swiss"]
[EventRounds "9"]
[EventCountry "SWE"]
[SourceTitle "CBM 212 Extra"]
[Source "ChessBase"]
[SourceDate "2023.03.31"]
[SourceVersion "1"]
[SourceVersionDate "2023.03.31"]
[SourceQuality "1"]

1. e4 c5 2. Nf3 Nc6 3. d4 cxd4 4. Nxd4 Nf6 5. Nc3 e5 6. Ndb5 d6 7. Nd5 Nxd5 8. exd5 Ne7 9. c4 Ng6 10. Qa4 Bd7 11. Qb4 Qb8 12. h4 h5 13. Bg5 a6 14. Nc3 f6 15. Bd3 Kf7 16. Be3 Be7 17. Ne4 Rc8 18. Qb3 Nf4 19. Bxf4 exf4 20. Be2 Bg4 21. f3 Bd7 22. Qb6 Kg8 23. b4 f5 24. Ng5 Bf6 25. Rc1 Re8 26. Kd2 a5 27. b5 Bb2 28. Rc2 Ba3 29. c5 Bb4+ 30. Kd1 Re5 31. Qxd6 Qxd6 32. cxd6 Rxd5+ 33. Kc1 Bxb5 34. d7 Rd8 35. Rc8 R5xd7 36. Rxd8+ Rxd8 37. Bxb5 Rc8+ 38. Kb2 Bc3+ 39. Kb3 Bf6 40. Bc4+ Kh8 41. Re1 g6 42. Re6 Kg7 43. Rb6 a4+ 44. Kb4 Be7+ 45. Kc3 Bf6+ 46. Kd3 Rd8+ 47. Kc2 Rd7 48. Ne6+ Kh6 49. Nf8 Rc7 50. Rxf6 Rxc4+ 51. Kd3 Rc6 52. Rf7 1-0

[Event "Rilton Cup 50th"]
[Site "Stockholm"]
[Date "2022.12.30"]
[Round "4"]
[White "Kupervaser, Erez"]
[Black "Westerberg, Jonathan"]
[Result "0-1"]
[WhiteElo "2331"]
[BlackElo "2476"]
[PlyCount "110"]
[EventDate "2022.12.27"]
[EventType "swiss"]
[EventRounds "9"]
[EventCountry "SWE"]
[SourceTitle "CBM 212 Extra"]
[Source "ChessBase"]
[SourceDate "2023.03.31"]
[SourceVersion "1"]
[SourceVersionDate "2023.03.31"]
[SourceQuality "1"]

1. e4 Nf6 2. e5 Nd5 3. c4 Nb6 4. d4 d6 5. f4 dxe5 6. fxe5 Nc6 7. Be3 Bf5 8. Nc3 e6 9. Be2 Be7 10. Nf3 0-0 11. 0-0 f6 12. exf6 Bxf6 13. Qd2 Qe8 14. Rad1 Rd8 15. Qe1 Bg4 16. Ne4 Bxf3 17. Nxf6+ Rxf6 18. Bxf3 Qg6 19. Qh4 Rdf8 20. Be4 Rxf1+ 21. Rxf1 Rxf1+ 22. Kxf1 Qf7+ 23. Ke2 h6 24. b3 Qd7 25. Qg4 Kf8 26. Qf4+ Kg8 27. Qg4 Kf8 28. Bf3 Nd8 29. a4 Qf7 30. Qf4 Nc8 31. c5 Qxf4 32. Bxf4 c6 33. b4 a6 34. Kd3 Nf7 35. Kc4 Ne7 36. Bd6 b5+ 37. Kc3 Nxd6 38. cxd6 Nd5+ 39. Bxd5 cxd5 40. axb5 axb5 41. h4 Ke8 42. Kd3 Kd7 43. Ke3 Kxd6 44. Kf4 g6 45. g4 e5+ 46. Ke3 Ke6 47. g5 hxg5 48. hxg5 Kf5 49. dxe5 Kxe5 50. Kd3 d4 51. Kd2 Ke4 52. Ke2 d3+ 53. Kd1 Kd4 54. Kd2 Kc4 55. Ke3 Kc3 0-1